LEADER 01424oas 22004332 450 001 9910891897803321 005 20260218110627.0 011 0 $a2218-9769 024 7 $a10.1787/22189769 035 $a(CKB)2590000000002813 035 $a(FR-PaOEC)22189769 035 $a(DE-599)ZDB2646077-4 035 $a(NjHacI)992590000000002813 035 $a(DE-599)2646077-4 035 $a(EXLCZ)992590000000002813 100 $a20171201b2008||| |y e 101 0 $afre 135 $aur||#|||||n|| 181 $ctxt$2rdacontent 182 $cc$2rdamedia 183 $acr$2rdacarrier 200 10$aForum international des transports : faits marquants /$fForum International des Transports 210 $aParis $cOECD Publishing 210 1$aParis :$cOECD Publishing,$d2008. 215 $a1 online resource 311 08$a2218-9769 330 3 $aCe rapport annuel du Forum International des Transports résume les résultats de son assemblée annuelle tenue chaque année à Leipzig. 606 $aTransport 606 $aTransportation$xData processing 606 $aTransportation$xSafety measures 615 4$aTransport. 615 0$aTransportation$xData processing. 615 0$aTransportation$xSafety measures. 676 $a613.68 801 0$bFR-PaOEC 906 $aJOURNAL 912 $a9910891897803321 996 $aForum international des transports : faits marquants$94264248 997 $aUNINA